000
00296nam a22001337a 4500
008
180928b xxu||||| |||| 00| 0 eng d
020
_a
9780256241662
041
_a
eng
080
_a
004
100
_a
51
101
_a
SHK
245
_a
Tcp IP Protocol Suite
_c
Foronzon.B A
942
_2
udc
_c
BK
999
_c
48668
_d
48668